Bangladesh From Basket Case to Asian Tiger/ (Record no. 200131)
[ view plain ]
| 000 -LEADER | |
|---|---|
| fixed length control field | 00634nam a22001937a 4500 |
| 005 - DATE AND TIME OF LATEST TRANSACTION | |
| control field | 20240116125124.0 |
| 010 ## - LCCN (DPL NO) | |
| LC control number | ENG-138901 |
| 020 ## - INTERNATIONAL STANDARD BOOK NUMBER | |
| International Standard Book Number | 9789388409988 |
| Terms of availability | 2995.00 |
| 035 ## - SYSTEM CONTROL NUMBER | |
| System control number | EN-122433 |
| 037 ## - SOURCE OF ACQUISITION | |
| Source of stock number/acquisition | DBAD/PUB |
| 082 ## - DEWEY DECIMAL CLASSIFICATION NUMBER | |
| Classification number | 954.52 |
| 100 ## - MAIN ENTRY--PERSONAL NAME | |
| Personal name | Richard, Samuel |
| 245 ## - TITLE STATEMENT | |
| Title | Bangladesh From Basket Case to Asian Tiger/ |
| Remainder of title | Samuel Richard |
| 260 ## - PUBLICATION, DISTRIBUTION, ETC. (IMPRINT) | |
| Date of publication, distribution, etc | 2023 |
| Name of publisher, distributor, etc | Har-Anand Publication Pvt ltd |
| Place of publication, distribution, etc | New Delhi |
| 270 ## - ADDRESS | |
| Address | E-49/3, Okhla Industrial Area, Phase-11 |
| City | New Delhi |
| Postal code | 110020 |
| 300 ## - PHYSICAL DESCRIPTION | |
| Dimensions | 29cm(hbk) |
| Extent | 106p. |
| 500 ## - GENERAL NOTE | |
| General note | Includes bibliographical references and index |
| 942 ## - ADDED ENTRY ELEMENTS (KOHA) | |
| Item type | English Books |
| Source of classification or shelving scheme | Dewey Decimal Classification |
| Call number suffix | RIC |
| Classification part | 954.52 |
| Withdrawn status | Lost status | Not for loan | Collection code | Home library | Current library | Date acquired | Source of acquisition | Cost, normal purchase price | Full call number | Barcode | Copy number | Cost, replacement price | Koha item type |
|---|---|---|---|---|---|---|---|---|---|---|---|---|---|
| Non-fiction | Ashok Vihar | Ashok Vihar | 12/01/2024 | DBAD/PUB | 2995.00 | 954.52 RIC | EN-122433 | 1 | 2995.00 | English Books |
